[Event "Sherbrooke op-B"]
[Site "Sherbrooke"]
[Date "2008.05.25"]
[Round "4"]
[White "Duclos, Alain"]
[Black "Dardoura, Khaled"]
[Result "1-0"]
[WhiteElo "1778"]
[BlackElo "1509"]
[PlyCount "97"]
[EventDate "2008.05.23"]
[EventType "swiss"]
[EventRounds "5"]
[EventCountry "CAN"]
[SourceTitle "EXT 2011"]
[Source "ChessBase"]
[SourceDate "2010.11.26"]
[SourceVersion "1"]
[SourceVersionDate "2010.11.26"]
[SourceQuality "1"]

1. e4 e6 2. d4 d5 3. Nc3 Bb4 4. e5 Ne7 5. a3 Bxc3+ 6. bxc3 c5 7. Qg4 0-0 8. Bd3 c4 9. Be2 Qa5 10. Bd2 f6 11. Nf3 Nbc6 12. exf6 Rxf6 13. Ne5 Nxe5 14. dxe5 Rf5 15. f4 Qb6 16. h4 h5 17. Qg3 Qb2 18. Rc1 Qxa3 19. 0-0 Qa4 20. Be3 Qe8 21. Bc5 Ng6 22. Kh2 Qf7 23. Be3 Kh7 24. Rf3 Qe7 25. Kh3 a5 26. Qf2 Bd7 27. Bc5 Qf7 28. g3 Bc6 29. Qd4 Rf8 30. Bxf8 Qxf8 31. Rcf1 Qd8 32. Bxc4 Rf8 33. Bd3 Kh6 34. f5 exf5 35. Bxf5 Rxf5 36. Rxf5 Bd7 37. Qe3+ Kh7 38. e6 Qe7 39. Rxh5+ Kg8 40. Re1 Bc8 41. Rxd5 Nf8 42. Rxa5 Bxe6+ 43. Kh2 Qf6 44. Ra8 Kh7 45. Rxf8 Qxf8 46. Qxe6 Qf2+ 47. Kh3 Qf8 48. h5 Qf3 49. Qe4+ 1-0

[Event "Sherbrooke op-B"]
[Site "Sherbrooke"]
[Date "2008.05.24"]
[Round "3"]
[White "Boyer, Eric"]
[Black "Duclos, Alain"]
[Result "1-0"]
[WhiteElo "1514"]
[BlackElo "1778"]
[PlyCount "91"]
[EventDate "2008.05.23"]
[EventType "swiss"]
[EventRounds "5"]
[EventCountry "CAN"]
[SourceTitle "EXT 2011"]
[Source "ChessBase"]
[SourceDate "2010.11.26"]
[SourceVersion "1"]
[SourceVersionDate "2010.11.26"]
[SourceQuality "1"]

1. d4 Nf6 2. c4 g6 3. Nc3 Bg7 4. e4 d6 5. Nf3 0-0 6. Bd3 Nc6 7. 0-0 Nd7 8. d5 Nce5 9. Nxe5 Nxe5 10. Be2 a5 11. f4 Nd7 12. Be3 Nc5 13. Bd4 e5 14. dxe6 fxe6 15. Bxg7 Kxg7 16. Qd4+ Kg8 17. e5 Qe7 18. Rad1 dxe5 19. fxe5 Bd7 20. Ne4 Nxe4 21. Qxe4 Bc6 22. Qe3 Qb4 23. Rxf8+ Rxf8 24. Rd2 a4 25. a3 Qa5 26. Bg4 Re8 27. h4 Qb6 28. Qxb6 cxb6 29. Rd6 Kf7 30. Kf2 b5 31. c5 Re7 32. g3 Bd5 33. Ke3 Kg7 34. Kd4 h5 35. Be2 Bc6 36. Bd3 Kf7 37. Be4 Rc7 38. Bxc6 bxc6 39. Kc3 Ke7 40. Kb4 Rc8 41. Ka5 Rf8 42. Rxc6 Rf5 43. Rc7+ Kd8 44. Kb6 Rxe5 45. c6 Re4 46. Rg7 1-0

[Event "Sherbrooke Hivernal op"]
[Site "Sherbrooke"]
[Date "2008.03.16"]
[Round "5"]
[White "Duclos, Alain"]
[Black "Mitrovic, Igor"]
[Result "1-0"]
[WhiteElo "1760"]
[BlackElo "1495"]
[PlyCount "57"]
[EventDate "2008.03.14"]
[EventType "swiss"]
[EventRounds "5"]
[EventCountry "CAN"]
[SourceTitle "EXT 2011"]
[Source "ChessBase"]
[SourceDate "2010.11.26"]
[SourceVersion "1"]
[SourceVersionDate "2010.11.26"]
[SourceQuality "1"]

1. e4 e5 2. Nf3 Nc6 3. Bb5 a6 4. Ba4 Nf6 5. 0-0 Bc5 6. c3 b5 7. Bb3 d6 8. d4 Ba7 9. h3 h6 10. a4 0-0 11. axb5 axb5 12. Na3 Ba6 13. Re1 Bb6 14. Be3 Na5 15. dxe5 dxe5 16. Bxb6 Qxd1 17. Bxd1 cxb6 18. Nxe5 Rfe8 19. f4 Nxe4 20. Rxe4 f6 21. Bb3+ Nxb3 22. Rd1 fxe5 23. Rd6 Nc5 24. Rxe5 Rxe5 25. fxe5 Kf7 26. Rxb6 Nd7 27. e6+ Ke7 28. exd7 Kxd7 29. Rg6 1-0

[Event "Mauricie op"]
[Site "Trois Rivieres"]
[Date "2004.03.21"]
[Round "5"]
[White "Duclos, Alain"]
[Black "Lemieux, Richard"]
[Result "1-0"]
[WhiteElo "1755"]
[BlackElo "1752"]
[PlyCount "49"]
[EventDate "2004.03.??"]
[EventType "swiss"]
[EventRounds "5"]
[EventCountry "CAN"]
[SourceTitle "EXT 2005"]
[Source "ChessBase"]
[SourceDate "2004.11.15"]
[SourceVersion "1"]
[SourceVersionDate "2004.11.15"]
[SourceQuality "1"]

1. e4 d6 2. d4 Nf6 3. Nc3 c6 4. Be3 Qa5 5. Qd2 e5 6. Bd3 Ng4 7. Nf3 Nxe3 8. Qxe3 g6 9. 0-0 Bg7 10. dxe5 dxe5 11. Bc4 0-0 12. Rad1 Nd7 13. Bb3 Nc5 14. Rd6 Nxb3 15. axb3 Be6 16. Rfd1 Bf6 17. Ng5 Rad8 18. Nxe6 Rxd6 19. Rxd6 fxe6 20. Qd2 Be7 21. Rd7 Bc5 22. Qh6 Bxf2+ 23. Kh1 Rf7 24. Rd1 Qa6 25. Rd8+ 1-0

[Event "Sherbrooke Perpetuelles 36-40"]
[Site "Sherbrooke"]
[Date "2004.02.27"]
[Round "1"]
[White "Duclos, Alain"]
[Black "Saziouk, Alexandre"]
[Result "0-1"]
[WhiteElo "1875"]
[BlackElo "1790"]
[PlyCount "96"]
[EventDate "2004.02.??"]
[EventType "swiss"]
[EventRounds "5"]
[EventCountry "CAN"]
[SourceTitle "EXT 2005"]
[Source "ChessBase"]
[SourceDate "2004.11.15"]
[SourceVersion "1"]
[SourceVersionDate "2004.11.15"]
[SourceQuality "1"]

1. e4 c5 2. Nf3 Nf6 3. Nc3 d6 4. d4 cxd4 5. Nxd4 Nc6 6. f3 g6 7. Be3 Bg7 8. Bc4 a6 9. Qd2 Qc7 10. Bb3 b5 11. Nxc6 Qxc6 12. 0-0-0 Be6 13. Bxe6 fxe6 14. Bh6 0-0 15. h4 Rac8 16. Bxg7 Kxg7 17. h5 gxh5 18. Ne2 e5 19. Ng3 Rf7 20. Nf5+ Kh8 21. Rh2 b4 22. Kb1 e6 23. Ng3 Rfc7 24. Rc1 Qb6 25. Nxh5 Nxh5 26. Rxh5 Rg7 27. Qh6 Re8 28. Rch1 Qd8 29. g4 Rf8 30. R1h3 Qf6 31. Qe3 Qe7 32. Qd2 a5 33. g5 Rff7 34. Qg2 Rg6 35. Rg3 Qf8 36. Rh6 Rfg7 37. Qh3 Qf4 38. Rxg6 Rxg6 39. Rg4 Rxg5 40. Rxg5 Qxg5 41. b3 Qg6 42. Qh4 h5 43. Qd8+ Kh7 44. Qxd6 Qg1+ 45. Kb2 Qd4+ 46. Qxd4 exd4 47. f4 h4 48. f5 Kg7 0-1

[Event "Sherbrooke Perpetuelles 31-10"]
[Site "Sherbrooke"]
[Date "2003.11.28"]
[Round "5"]
[White "Grenier, Jean Pierre"]
[Black "Duclos, Alain"]
[Result "1-0"]
[WhiteElo "1619"]
[BlackElo "1624"]
[PlyCount "101"]
[EventDate "2003.10.31"]
[EventType "swiss"]
[EventRounds "5"]
[EventCountry "CAN"]
[SourceTitle "EXT 2008"]
[Source "ChessBase"]
[SourceDate "2007.11.25"]
[SourceVersion "1"]
[SourceVersionDate "2007.11.25"]
[SourceQuality "1"]

1. d4 Nf6 2. Nf3 g6 3. Nc3 Bg7 4. e4 d6 5. h3 0-0 6. Bd3 Na6 7. a3 c5 8. Bxa6 cxd4 9. Nxd4 bxa6 10. 0-0 Bb7 11. Re1 Rc8 12. Qd3 Nd7 13. Nde2 Nb6 14. Bf4 d5 15. exd5 Nxd5 16. Nxd5 Qxd5 17. Qxd5 Bxd5 18. c3 e5 19. Be3 Rc7 20. b4 f5 21. Rad1 Bc4 22. Rd6 f4 23. Bd2 Bf6 24. Bc1 Be7 25. Rd2 h5 26. Bb2 g5 27. Nc1 g4 28. Rxe5 gxh3 29. Rxh5 hxg2 30. Kxg2 Bf6 31. Rf5 Rg7+ 32. Kf3 Bb5 33. Rd6 Be7 34. Rxf8+ Kxf8 35. Rh6 Bc4 36. Rh5 Bg5 37. Ke4 Ke7 38. Kd4 Bf7 39. Rh1 Kd6 40. Rd1 Kc6 41. Nd3 Kb6 42. Ne5 Bb3 43. Re1 Bh4 44. Rf1 Bf6 45. Re1 Rd7+ 46. Ke4 Bxe5 47. Kf5 Bc2+ 48. Ke6 Rd2 49. Kxe5 Rxf2 50. c4 Bb3 51. Bd4+ 1-0

[Event "Sherbrooke Perpetuelles 31-10"]
[Site "Sherbrooke"]
[Date "2003.11.07"]
[Round "2"]
[White "Duclos, Alain"]
[Black "Pilotte, Benoit"]
[Result "0-1"]
[WhiteElo "1624"]
[BlackElo "1649"]
[PlyCount "57"]
[EventDate "2003.10.31"]
[EventType "swiss"]
[EventRounds "5"]
[EventCountry "CAN"]
[SourceTitle "EXT 2008"]
[Source "ChessBase"]
[SourceDate "2007.11.25"]
[SourceVersion "1"]
[SourceVersionDate "2007.11.25"]
[SourceQuality "1"]

1. e4 d6 2. d4 Nf6 3. Nc3 g6 4. f4 Bg7 5. Nf3 c5 6. Bb5+ Bd7 7. e5 Ng4 8. e6 fxe6 9. Ng5 Bxb5 10. Nxe6 Bxd4 11. Qxg4 Bd7 12. f5 Bxe6 13. fxe6 0-0 14. Bf4 Nc6 15. 0-0-0 Qa5 16. Kb1 Bxc3 17. bxc3 Qxc3 18. Rd3 Qb4+ 19. Rb3 Qxf4 20. Qd1 Nd4 21. Rd3 Rac8 22. h4 Rc6 23. c3 Rb6+ 24. Ka1 Nxe6 25. h5 Qf2 26. Rd2 Qg3 27. Rh3 Qg5 28. Rdd3 Qxg2 29. Rh1 0-1

[Event "Sherbrooke Perpetuelles 06-10"]
[Site "Sherbrooke"]
[Date "2003.07.18"]
[Round "1"]
[White "Duclos, Alain"]
[Black "Dumoulin, Sylvain"]
[Result "0-1"]
[WhiteElo "1646"]
[BlackElo "1686"]
[PlyCount "114"]
[EventDate "2003.07.??"]
[EventType "swiss"]
[EventRounds "5"]
[EventCountry "CAN"]
[SourceTitle "EXT 2006"]
[Source "ChessBase"]
[SourceDate "2005.11.24"]
[SourceVersion "1"]
[SourceVersionDate "2005.11.24"]
[SourceQuality "1"]

1. e4 Nc6 2. Nf3 e5 3. Bb5 g6 4. 0-0 Bg7 5. c3 Nce7 6. Re1 c6 7. Ba4 d6 8. h3 f5 9. exf5 gxf5 10. d4 e4 11. Nh2 Be6 12. Nd2 Nf6 13. Ndf1 Qd7 14. Qe2 0-0-0 15. Bg5 Ng6 16. f3 d5 17. b4 Rde8 18. b5 Qc7 19. bxc6 bxc6 20. Qa6+ Kd7 21. Bxf6 Bxf6 22. Rab1 Rb8 23. Nd2 Rb6 24. Rxb6 Qxb6 25. Nb3 Be7 26. Qe2 Nf4 27. Qc2 Rg8 28. Re2 Nxh3+ 29. Kh1 Nf4 30. fxe4 Nxe2 31. Qxe2 fxe4 32. Nf1 Bg4 33. Qf2 Rf8 34. Qe1 Qa6 35. Ne3 Qxa4 36. Nxg4 Qxa2 37. Nc5+ Bxc5 38. dxc5 Ke6 39. Qg3 Qb1+ 40. Kh2 Qb8 41. Ne3 Qxg3+ 42. Kxg3 a5 43. Nc2 a4 44. Nd4+ Kd7 45. Nc2 e3 46. Nxe3 a3 47. Nc2 a2 48. Na1 Rf1 49. Nc2 Rc1 50. Nd4 a1Q 51. Nf3 Rxc3 52. Kg4 Rxf3 53. gxf3 Ke6 54. f4 Kf6 55. Kf3 Kf5 56. Ke3 d4+ 57. Kd3 Kxf4 0-1